| 000 | 01147cam a22003131u 4500 | ||
|---|---|---|---|
| 999 |
_c1750 _d1750 |
||
| 003 | EG-ScBUE | ||
| 005 | 20200111110252.0 | ||
| 008 | 190729r19641961nyu f 000 0 eng d | ||
| 035 | _a(OCoLC)327978 | ||
| 040 |
_aEG-ScBUE _beng _erda _cEG-ScBUE _dEG-ScBUE |
||
| 082 | 0 | 4 |
_a809.91 _bFRY _222 |
| 100 | 1 |
_aFrye, Prosser Hall, _d1866-1934, _eauthor. |
|
| 245 | 1 | 0 |
_aRomance and tragedy : _ba study of classic and romantic elements in the great tragedies of European literature / _cby Prosser Hall Frye ; Preface by Thomas M. Raysor. |
| 250 | _aSecond printing. | ||
| 264 | 1 |
_aLincoln : _bUniversity of Nebraska Press, _c1964. |
|
| 300 |
_ax, 372 pages ; _c21 cm. |
||
| 336 |
_2rdacontent _atext _btxt |
||
| 337 |
_2rdamedia _aunmediated _bn |
||
| 338 |
_2rdacarrier _avolume _bnc |
||
| 490 | 0 | _aA bison book | |
| 590 | _abasantemad | ||
| 650 | 7 |
_aComparative literature. _2BUEsh |
|
| 650 | 7 |
_aRomanticism. _2BUEsh |
|
| 650 | 7 |
_aDrama _xHistory and criticism. _2BUEsh |
|
| 653 |
_bHHUUEENN _cJanuary2020 |
||
| 655 | _vReading book | ||
| 700 | 1 |
_aRaysor, Thomas Middleton, _d1895- _eauthor of introduction, etc. |
|
| 942 |
_cBB _k809.91 FRY _2ddc |
||